[Event "EU Union-ch U14"]
[Site "Pec pod Snezkou"]
[Date "2022.08.24"]
[Round "3"]
[White "Grunert, Heinrich"]
[Black "Hetfleischova, Elen"]
[Result "1-0"]
[WhiteElo "1342"]
[BlackElo "1352"]
[PlyCount "87"]
[EventDate "2022.08.22"]
[EventType "swiss"]
[EventRounds "9"]
[EventCountry "CZE"]
[SourceTitle "EXT 2023"]
[Source "ChessBase"]
[SourceDate "2022.10.05"]
[SourceVersion "1"]
[SourceVersionDate "2022.10.05"]
[SourceQuality "1"]

1. e4 e5 2. Nf3 Nc6 3. Bb5 d6 4. h3 a6 5. Ba4 f5 6. d3 Nf6 7. Nbd2 Be7 8. c3 0-0 9. 0-0 Kh8 10. Re1 fxe4 11. Nxe4 b5 12. Bc2 d5 13. Ng3 Bd6 14. Bd2 Bb7 15. Nf5 Bc5 16. Nxe5 Nxe5 17. Rxe5 Bxf2+ 18. Kxf2 Nd7 19. Re2 Rxf5+ 20. Kg1 d4 21. cxd4 Qf6 22. Be3 Qg6 23. Qd2 Rf3 24. d5 Rf7 25. d4 Qd6 26. Rf2 Rxf2 27. Qxf2 Rf8 28. Qe2 Qxd5 29. Bb3 Qe4 30. Re1 Re8 31. Qc2 Qh4 32. Qf2 Qd8 33. Bg5 Rxe1+ 34. Qxe1 Qf8 35. Qe7 Qxe7 36. Bxe7 g6 37. Be6 Bc8 38. Kf2 Kg7 39. Ke3 h6 40. Bd8 c6 41. b4 g5 42. d5 cxd5 43. Kd4 Nb8 44. Bxc8 1-0

[Event "GER-ch U25-C"]
[Site "Willingen"]
[Date "2018.05.26"]
[Round "9"]
[White "Grunert, Heinrich"]
[Black "Foos, Vanessa"]
[Result "1/2-1/2"]
[WhiteElo "994"]
[BlackElo "1166"]
[PlyCount "108"]
[EventDate "2018.05.19"]
[EventType "swiss"]
[EventRounds "9"]
[EventCountry "GER"]
[SourceTitle "CBM 184 Extra"]
[Source "ChessBase"]
[SourceDate "2018.06.28"]
[SourceVersion "1"]
[SourceVersionDate "2018.06.28"]
[SourceQuality "1"]

1. e4 e5 2. Nf3 Nc6 3. Bc4 Bc5 4. c3 Nf6 5. d4 exd4 6. cxd4 Bb4+ 7. Bd2 Bxd2+ 8. Nbxd2 d5 9. Bd3 Bg4 10. e5 Nd7 11. h3 Bh5 12. Qb3 Nb6 13. 0-0 0-0 14. Qc2 Nb4 15. Qc3 Nxd3 16. Qxd3 Bg6 17. Qc3 Qe7 18. Rfe1 Rac8 19. Nb3 Na4 20. Qc1 c5 21. dxc5 Nxc5 22. Nxc5 Rxc5 23. Qe3 b6 24. e6 Be4 25. exf7+ Qxf7 26. Qa3 Bxf3 27. gxf3 Qxf3 28. Qxf3 Rxf3 29. Kg2 Rf6 30. b4 Rb5 31. a3 d4 32. Rad1 Rg5+ 33. Kf1 Rgf5 34. Re2 Rd6 35. Re8+ Kf7 36. Ra8 Rf3 37. Rxa7+ Kg6 38. Kg2 Rdf6 39. Rd2 Kh6 40. Rd7 Rxa3 41. R7xd4 Rg6+ 42. Kh2 Ra1 43. f3 Rgg1 44. Rg2 Rxg2+ 45. Kxg2 Ra2+ 46. Kg3 Rb2 47. Rd6+ Kg5 48. Rxb6 h5 49. h4+ Kf5 50. Rb5+ Kg6 51. Rg5+ Kh6 52. b5 Rb1 53. Kf4 Rb4+ 54. Kg3 g6 1/2-1/2

[Event "GER-ch U25-C"]
[Site "Willingen"]
[Date "2018.05.23"]
[Round "5"]
[White "Winkler, Yonathan"]
[Black "Grunert, Heinrich"]
[Result "1-0"]
[WhiteElo "1307"]
[BlackElo "994"]
[PlyCount "29"]
[EventDate "2018.05.19"]
[EventType "swiss"]
[EventRounds "9"]
[EventCountry "GER"]
[SourceTitle "CBM 184 Extra"]
[Source "ChessBase"]
[SourceDate "2018.06.28"]
[SourceVersion "1"]
[SourceVersionDate "2018.06.28"]
[SourceQuality "1"]

1. e4 e5 2. Nf3 Nc6 3. Nc3 Nf6 4. d4 exd4 5. Nxd4 Bb4 6. Nxc6 bxc6 7. Bd2 0-0 8. Bd3 Re8 9. 0-0 Bxc3 10. Bxc3 Nxe4 11. Qh5 h6 12. Rfe1 Nxc3 13. bxc3 Rxe1+ 14. Rxe1 Qf6 15. Re8# 1-0